Fundamentals of short story writing. (Record no. 15028)

000 -LEADER
fixed length control field 00608nam a2200193 a 4500
001 - CONTROL NUMBER
control field :::00012866$&:&@@
003 - CONTROL NUMBER IDENTIFIER
control field OkBaRHE
005 - DATE AND TIME OF LATEST TRANSACTION
control field 20000607103423.0
008 - FIXED-LENGTH DATA ELEMENTS--GENERAL INFORMATION
fixed length control field s1935 j 000 0 eng u
040 ## - CATALOGING SOURCE
Transcribing agency
100 1# - MAIN ENTRY--PERSONAL NAME
Personal name Scott, Agnis.
245 10 - TITLE STATEMENT
Title Fundamentals of short story writing.
260 ## - PUBLICATION, DISTRIBUTION, ETC. (IMPRINT)
Place of publication, distribution, etc Dallas, TX., :
Name of publisher, distributor, etc Mathis Publishing Co.
Date of publication, distribution, etc c1935
300 ## - PHYSICAL DESCRIPTION
Extent 68 p. ;
Dimensions 20 cm.
650 ## - SUBJECT ADDED ENTRY--TOPICAL TERM
Topical term or geographic name as entry element Authorship
General subdivision Handbooks, Manuals, etc.
650 ## - SUBJECT ADDED ENTRY--TOPICAL TERM
Topical term or geographic name as entry element English Language
General subdivision Rhetoric
942 ## - ADDED ENTRY ELEMENTS (KOHA)
Source of classification or shelving scheme
Koha item type Books
Copies
Damaged status Date checked out Source of classification or shelving scheme Lost status Barcode Date last seen Copy number Date acquired Total Checkouts Withdrawn status Full call number Not for loan Permanent Location Koha item type Shelving location Current Location Price effective from
 2017-12-01  128662018-01-0512010-04-141 PE 1408 .S384 RHEMA Bible Training CollegeBooksGeneral StacksRHEMA Bible Training College2010-04-14